000 01108nam a2200229 4500
005 20210729153902.0
008 210318s1985 ec ao||fr|||| 001 0 spa d
040 _aCENDOC CAAAP
_bspa
_cCAAAP
041 _aspa
050 _aHC 228.P5
_bI59 1985
110 1 _9738
_aInstituto de Investigaciones de la Amazonía Peruana, IIAP
245 1 _aPlan de investigaciones del IIAP a mediano plazo 1986-1990 /
_cInstituto de Investigaciones de la Amazonía Peruana
250 _a1ra ed.
260 _aIquitos :
_bInstituto de Investigaciones de la Amazonía Peruana,
_c1985
300 _a91 h.:
_bil.;
_c29 cm.
500 _aDocumento en consulta
505 0 _aCaracterización general de la Amazonía -- Síntesis de la problemática -- Concepción general de la investigación -- Objetivos para el mediano plazo -- Estrategia general -- Programas de estudios e investigaciones -- Programa de servicios de apoyo a la investigación -- Presupuesto y financiamiento.
650 2 0 _91152
_aDesarrollo Sustentable
650 2 0 _9253
_aCondiciones Económicas
651 0 _915
_aAmazonía
942 _2lcc
_b16 - 03 - 21
_cBK
999 _c2030
_d2030